Vybrané aspekty súčasného demografického vývoja

Vybrané výzvy aktuálneho demografického vývoja a jeho vplyvu na trvalo udržateľný rozvoj.

Na minha lista:
Detalhes bibliográficos
Autor principal: Podmanická, Zuzana
Formato: Capítulo de Livro
Idioma:eslovaco
Assuntos:
Tags: Adicionar Tag
Sem tags, seja o primeiro a adicionar uma tag!

MARC

LEADER 00000naa a2200000 4500
001 0166963
005 20220715094030.4
041 0 |a slo 
044 |a SK 
245 1 0 |a Vybrané aspekty súčasného demografického vývoja  |c Zuzana Podmanická 
520 |a Vybrané výzvy aktuálneho demografického vývoja a jeho vplyvu na trvalo udržateľný rozvoj. 
610 2 0 |a vývoj populačný 
610 2 0 |a rozvoj trvalo udržateľný 
610 2 0 |a rodina 
610 2 0 |a ukazovatele demografické 
100 1 |a Podmanická, Zuzana